[Event "FRA-ch U12 Girls"]
[Site "Le Grand Bornand"]
[Date "2007.04.??"]
[Round "3"]
[White "Navez, Flore"]
[Black "Rigolot, Lucie"]
[Result "0-1"]
[WhiteElo "1560"]
[BlackElo "1654"]
[PlyCount "144"]
[EventDate "2007.04.07"]
[EventType "swiss"]
[EventRounds "9"]
[EventCountry "FRA"]
[SourceTitle "CBM 118 Extra"]
[Source "ChessBase"]
[SourceDate "2007.07.04"]
[SourceVersion "1"]
[SourceVersionDate "2007.07.04"]
[SourceQuality "1"]

1. d4 Nf6 2. c4 e5 3. dxe5 Ng4 4. e4 Nxe5 5. f4 Nec6 6. Nf3 Bb4+ 7. Bd2 Bxd2+ 8. Qxd2 d6 9. Nc3 0-0 10. a3 Be6 11. Bd3 Na5 12. Qe2 Nb3 13. Rd1 Nd7 14. Ng5 Ndc5 15. e5 h6 16. Nxe6 fxe6 17. 0-0 Qe7 18. exd6 cxd6 19. Nd5 Qf7 20. Nc3 Nd4 21. Bh7+ Kxh7 22. Rxd4 Rad8 23. Qd2 Qc7 24. Nb5 Qb6 25. b4 Na6 26. Kh1 d5 27. Qd3+ Kh8 28. cxd5 exd5 29. Rxd5 Rxd5 30. Qxd5 Nc7 31. Nxc7 Qxc7 32. f5 Qc3 33. Qc5 Qxc5 34. bxc5 Rf6 35. Rf3 b6 36. cxb6 Rxb6 37. h3 Kg8 38. g4 Kf7 39. Kg2 Rb1 40. h4 Kf6 41. Kg3 Rg1+ 42. Kf4 Rg2 43. Re3 Rf2+ 44. Rf3 Rg2 45. Rg3 Rf2+ 46. Ke3 Ra2 47. Ke4 Re2+ 48. Kf4 Rf2+ 49. Rf3 Rg2 50. Re3 Rf2+ 51. Kg3 Rf1 52. Re6+ Kf7 53. Kg2 Rf4 54. Kh3 Rf3+ 55. Kg2 Rxa3 56. g5 hxg5 57. hxg5 Ra5 58. g6+ Kf8 59. f6 Rg5+ 60. Kf2 Rxg6 61. fxg7+ Rxg7 62. Rf6+ Ke8 63. Re6+ Kd8 64. Ra6 Kc8 65. Ke2 Kb7 66. Ra4 Kb6 67. Ra3 a5 68. Kd2 Kb5 69. Kc2 a4 70. Kb1 Kb4 71. Ra1 Kb3 72. Kc1 Rg1+ 0-1

[Event "FRA-chT U20 0304"]
[Site "France"]
[Date "2004.01.03"]
[Round "6"]
[White "Navez, Flore"]
[Black "Neuhauser, Salome"]
[Result "1/2-1/2"]
[WhiteElo "1430"]
[BlackElo "1460"]
[PlyCount "82"]
[EventDate "2003.11.??"]
[EventType "team"]
[EventRounds "11"]
[EventCountry "FRA"]
[SourceTitle "EXT 2005"]
[Source "ChessBase"]
[SourceDate "2004.11.15"]
[SourceVersion "1"]
[SourceVersionDate "2004.11.15"]
[SourceQuality "1"]
[WhiteTeam "Grasse"]
[BlackTeam "Vandoeuvre"]
[WhiteTeamCountry "FRA"]
[BlackTeamCountry "FRA"]

1. d4 d5 2. Nf3 Nc6 3. c4 e6 4. e3 Nf6 5. Nc3 Bb4 6. Bd2 0-0 7. Be2 Bd7 8. 0-0 Qe7 9. a3 Bd6 10. Qc2 b6 11. Rac1 Rad8 12. e4 dxe4 13. Nxe4 Nxe4 14. Qxe4 f6 15. Bd3 f5 16. Qh4 Qxh4 17. Nxh4 Nxd4 18. Bg5 Rde8 19. h3 h6 20. Be3 e5 21. Bxd4 exd4 22. Rfe1 c5 23. Rxe8 Rxe8 24. Bxf5 Bxf5 25. Nxf5 Bf4 26. Rf1 Bd2 27. Rd1 Re1+ 28. Rxe1 Bxe1 29. Kf1 Bd2 30. Ke2 Bc1 31. Ne7+ Kf7 32. Nc8 Bxb2 33. a4 a5 34. Nxb6 Ke6 35. f4 Kf5 36. Kf3 Bc1 37. g4+ Kf6 38. Nd5+ Ke6 39. f5+ Kf7 40. Ke4 g5 41. f6 Ke6 1/2-1/2

[Event "FRA-chT U20 0304"]
[Site "France"]
[Date "2003.11.23"]
[Round "3"]
[White "Leriche, Luc"]
[Black "Navez, Flore"]
[Result "0-1"]
[WhiteElo "1350"]
[BlackElo "1430"]
[PlyCount "90"]
[EventDate "2003.11.??"]
[EventType "team"]
[EventRounds "11"]
[EventCountry "FRA"]
[SourceTitle "EXT 2005"]
[Source "ChessBase"]
[SourceDate "2004.11.15"]
[SourceVersion "1"]
[SourceVersionDate "2004.11.15"]
[SourceQuality "1"]
[WhiteTeam "Toulouse"]
[BlackTeam "Grasse"]
[WhiteTeamCountry "FRA"]
[BlackTeamCountry "FRA"]

1. e4 d6 2. d4 Nf6 3. Nc3 g6 4. Nf3 Bg7 5. Bc4 0-0 6. Be3 Bg4 7. Qe2 c6 8. 0-0-0 b5 9. Bb3 a5 10. a3 b4 11. Na2 bxa3 12. bxa3 a4 13. Bc4 d5 14. exd5 cxd5 15. Bd3 Nbd7 16. h3 Bxf3 17. Qxf3 Qb6 18. Rhe1 Rab8 19. Kd2 Qb2 20. Nc3 Rfc8 21. Ke2 Qxc3 22. Kf1 Ne4 23. Bxe4 dxe4 24. Qxe4 Qxc2 25. Qxe7 Nf6 26. Bg5 Rb2 27. Rd2 Qc4+ 28. Kg1 Rxd2 29. Bxd2 Qxd4 30. Qb7 Rc2 31. Qb8+ Bf8 32. Re2 Rxd2 33. Rxd2 Qxd2 34. Qa8 Qc1+ 35. Kh2 Qxa3 36. Qd8 Qb2 37. Qa5 a3 38. Qa4 a2 39. Qa8 a1Q 40. Qxa1 Qxa1 41. h4 Ng4+ 42. Kh3 Qd4 43. f3 Nf2+ 44. Kg3 Bd6+ 45. f4 Qxf4# 0-1